00770nam a2200217 a 450000100060000000300090000600800410001502000180005604000280007408200180010210000420012024501000016225000120026226000300027430000100030465000370031465000320035194200120038399900170039595201400041223586CO-ViMGA141112s2004 ck r 000 u spa d a9786071502315 aCO-ViMGAbspacCO-ViMGA04a658.041 B351e1 aBelausteguigoitia rius, Imanol93403910aEmpresas familiares, : bSu dinamica, equilibrio y consolidacion/ cImanol Bausteguigoitia rius a2da ed. aMéxico : bMc Graw Hill a263p.14aADMINISTRACION DE EMPRESAS9273514aEMPRESAS FAMILIARES 910313 2ddccBK c31704d31704 00102ddc40708002aMEVIECARbMEVIECARd2015-12-04h09/may/2011l0o658.041 B351e p24465r2015-12-04 00:00:00tEj. 1w2015-12-04yBK